Bad Wolves Charting Songs (Billboard Hot Rock) - Statistics

General Stats
  • This quiz has been taken 17 times
  • The average score is 3 of 5
Answer Stats
Album Weeks On Peak Artist(s) Song % Correct
Disobey 37 Weeks #5 Bad Wolves Zombie
100%
Disobey 32 Weeks #25 Bad Wolves ft. DIAMANTE Hear Me Now
70%
Disobey 20 Weeks #22 Bad Wolves Remember When
60%
N.A.T.I.O.N. 17 Weeks #21 Bad Wolves Sober
60%
N.A.T.I.O.N. 20 Weeks #14 Bad Wolves Killing Me Slowly
50%
No matching quizzes found
Score Distribution
Percent of People with Each Score
Percentile by Number Answered
Your Score History
You have not taken this quiz